000 00866nam1a2200265 i 4500
001 v19\rc\1840538
005 20240726094736.0
035 _a(NLR Aleph) 005257969
090 _a5871812
_c5871812
100 _a20071224d1908 u||y0rusy50 ca
101 0 _arus
102 _aRU
105 _a| z |||h|
200 1 _aРечи по погромным делам
210 _aКиев
_cТипография С. Г. Слюсаревского
_d1908
215 _d24
225 1 _aК истории еврейских погромов и погромных процессов в России
801 0 _aRU
_bNLR
_c20071224
_gpsbo
801 0 _aRU
_bRuMoRGB
_c20071224
_2psbo
801 1 _aRU
_bProSoft-M
_c20071224
_2rusmarc
801 2 _aRU
_bNLR
_c20091126
_2rusmarc
852 _aNLR
_j37.2.5.25
852 _aNLR
_j37.69.7.32
942 _cBOOK